000 00432nam a2200157Ia 4500
005 20250405102722.0
008 231217s9999 xx 000 0 und d
020 _a9788131420300
082 _a381.JAI;2 R1
100 _aJain, Ravi Kumar B. Sathish, D ed.
245 0 _aTrade blocs : reflections
260 _c2008
_bIcfai University press
_aHyderabad
300 _avii, 174
650 _aTrade,blocs,reflections
942 _cAA
999 _c191607
_d191607